[Event "Kandidatklassen 2015"]
[Site "Svendborg"]
[Date "2015.03.31"]
[Round "1"]
[White "Seegert, Kristian"]
[Black "Ochsner, Bjorn Moller"]
[Result "1/2-1/2"]
[WhiteElo "2180"]
[BlackElo "2363"]
[PlyCount "78"]
[EventDate "2015.??.??"]

1. e4 c5 2. Nf3 e6 3. d4 cxd4 4. Nxd4 Nc6 5. Nc3 Qc7 6. Be3 Nf6 7. Bd3 Nxd4 8.
Bxd4 Bc5 9. Be2 d6 10. Nb5 Qb6 11. Bxc5 dxc5 12. Nd6+ Ke7 13. e5 Nd7 14. Nc4
Qc7 15. Qd2 h6 16. f4 Nb6 17. Nd6 Bd7 18. O-O-O Rad8 19. Rhf1 Nc8 20. f5 exf5
21. Qf4 Be6 22. Nxf5+ Bxf5 23. Qxf5 Rhf8 24. Rxd8 Kxd8 25. Bc4 Qe7 26. Bxf7
Qg5+ 27. Qxg5+ hxg5 28. Rd1+ Ke7 29. Bd5 b5 30. Bf3 Ke6 31. Re1 Nb6 32. Bg4+
Ke7 33. Rd1 Rf2 34. Bf3 Ke6 35. Re1 Nc4 36. Bg4+ Ke7 37. Bf3 Ke6 38. Bg4+ Ke7
39. Bf3 Ke6 1/2-1/2

[Event "Kandidatklassen 2015"]
[Site "Svendborg"]
[Date "2015.03.31"]
[Round "1"]
[White "Aabling Thomsen, Jakob"]
[Black "Rossen, Claus"]
[Result "1-0"]
[WhiteElo "2333"]
[BlackElo "2172"]
[PlyCount "39"]
[EventDate "2015.??.??"]

1. e4 c5 2. Nf3 d6 3. c3 g6 4. d4 b6 5. Bc4 Nc6 6. O-O Bg7 7. Qe2 cxd4 8. Bxf7+
Kxf7 9. Qc4+ Ke8 10. Qxc6+ Bd7 11. Qc4 dxc3 12. Nxc3 Qc8 13. Qd3 Bxc3 14. bxc3
Be6 15. Qd4 Nf6 16. e5 Nd5 17. exd6 Qxc3 18. Qe4 Qxa1 19. Qxe6 Qxa2 20. Ne5 1-0

[Event "Kandidatklassen 2015"]
[Site "Svendborg"]
[Date "2015.03.31"]
[Round "1"]
[White "Pedersen, Henrik Dahl"]
[Black "Haubro, Martin"]
[Result "0-1"]
[WhiteElo "2169"]
[BlackElo "2308"]
[PlyCount "110"]
[EventDate "2015.??.??"]

1. d4 Nf6 2. c4 c5 3. dxc5 e6 4. Nf3 Bxc5 5. e3 O-O 6. Be2 Nc6 7. O-O d5 8. Nc3
a6 9. b3 dxc4 10. Na4 Be7 11. Qxd8 Bxd8 12. bxc4 Be7 13. Rb1 Rb8 14. Rd1 Ne4
15. Nd2 Nc5 16. Nxc5 Bxc5 17. Nb3 Be7 18. Nd4 Nxd4 19. exd4 Bd6 20. Bf3 Rd8 21.
Be3 Bc7 22. Rdc1 f5 23. g3 b6 24. Rb3 Bd7 25. Rcb1 Kh8 26. Kg2 h6 27. h4 Be8
28. R3b2 b5 29. cxb5 Bxb5 30. Kg1 Bd6 31. Re1 Bc4 32. Rxb8 Rxb8 33. a4 Bb3 34.
Bc6 Kg8 35. Rb1 Kf7 36. Bf4 Ke7 37. a5 Bxf4 38. gxf4 Rb4 39. Kh2 Kd6 40. Bf3
Rb5 41. Ra1 Bd5 42. Be2 Rb2 43. Re1 Ra2 44. Kg3 Rxa5 45. Rb1 Ra2 46. Bd1 a5 47.
Rb6+ Kc7 48. Ra6 Ra3+ 49. f3 Rd3 50. Be2 Re3 51. Bd1 Re1 52. Bc2 Rf1 53. Bxf5
exf5 54. Rxa5 Rxf3+ 55. Kh2 Be4 0-1

[Event "Kandidatklassen 2015"]
[Site "Svendborg"]
[Date "2015.03.31"]
[Round "1"]
[White "Matthiesen, Martin"]
[Black "Bjerre, Jonas Buhl"]
[Result "1-0"]
[WhiteElo "2282"]
[BlackElo "2165"]
[PlyCount "79"]
[EventDate "2015.??.??"]

1. d4 Nf6 2. c4 e6 3. Nc3 Bb4 4. Qc2 O-O 5. Nf3 c5 6. dxc5 Na6 7. g3 Nxc5 8.
Bg2 Nce4 9. O-O Nxc3 10. bxc3 Be7 11. e4 d6 12. e5 dxe5 13. Nxe5 Qc7 14. Qe2
Bd6 15. Bf4 Rd8 16. Rfd1 Ne8 17. c5 Qxc5 18. Qc4 Qxc4 19. Nxc4 Be7 20. Na5 Nd6
21. c4 g5 22. Be5 f6 23. Bc3 Bd7 24. c5 Nb5 25. Be1 Bxc5 26. Nxb7 Bd4 27. Nxd8
Rxd8 28. Rab1 e5 29. Rdc1 Nd6 30. Ba5 Rc8 31. Rxc8+ Nxc8 32. Rb8 Kf7 33. Be4
Nd6 34. Bxh7 f5 35. Bg8+ Kf6 36. Bd8+ Kg6 37. Bd5 g4 38. Bc7 Nb5 39. Rg8+ Kh7
40. Rd8 1-0

[Event "Kandidatklassen 2015"]
[Site "Svendborg"]
[Date "2015.03.31"]
[Round "1"]
[White "Andersen, Rune Egede"]
[Black "Jaksland, Tim"]
[Result "0-1"]
[WhiteElo "2160"]
[BlackElo "2277"]
[PlyCount "54"]
[EventDate "2015.??.??"]

1. e4 c5 2. c3 d5 3. exd5 Nf6 4. Qa4+ Nbd7 5. c4 b5 6. Qxb5 Rb8 7. Qa4 e6 8.
Nc3 Bb7 9. Nf3 exd5 10. cxd5 Bd6 11. Bb5 O-O 12. O-O Nb6 13. Qxa7 Nbxd5 14.
Nxd5 Bxd5 15. Qa4 Nh5 16. d3 Bxf3 17. gxf3 Qf6 18. Qg4 Rxb5 19. Qxh5 Rb4 20.
Qg5 Qxf3 21. h3 Qxh3 22. f4 Qxd3 23. a3 Re4 24. a4 Re6 25. f5 Qd4+ 26. Kg2 Re2+
27. Kh1 Rh2# 0-1

[Event "Kandidatklassen 2015"]
[Site "Svendborg"]
[Date "2015.03.31"]
[Round "1"]
[White "Hansen, Mads"]
[Black "Furrer, Christian"]
[Result "1/2-1/2"]
[WhiteElo "2273"]
[BlackElo "2146"]
[PlyCount "112"]
[EventDate "2015.??.??"]

1. e4 e6 2. d4 d5 3. Nc3 Bb4 4. e5 c5 5. a3 Bxc3+ 6. bxc3 Qa5 7. Bd2 Qa4 8. Qg4
Kf8 9. Qd1 b6 10. dxc5 bxc5 11. Nf3 Ne7 12. Rb1 Ba6 13. Bxa6 Qxa6 14. Qe2 Qc8
15. O-O h6 16. c4 Nd7 17. Rb3 Kg8 18. cxd5 Nxd5 19. c4 Ne7 20. Rd1 Rb8 21. Rd3
Nb6 22. Qe4 Qc6 23. Qg4 Nf5 24. Qh3 Nxc4 25. Bc1 Nd4 26. Nxd4 cxd4 27. Rxd4 Rc8
28. Bf4 Nb6 29. Rd6 Qc4 30. Be3 Nd5 31. Rd7 Rc7 32. Rxc7 Qxc7 33. Rc1 Qxe5 34.
Qf3 Nxe3 35. Qxe3 Qxe3 36. fxe3 g5 37. Rc7 Kg7 38. Rxa7 Rb8 39. Kf2 Rb2+ 40.
Kf3 Ra2 41. a4 h5 42. h3 g4+ 43. hxg4 hxg4+ 44. Kxg4 Rxg2+ 45. Kf4 Ra2 46. a5
Kg6 47. a6 f6 48. Ra8 Ra4+ 49. e4 f5 50. a7 Kg7 51. Kf3 fxe4+ 52. Ke3 e5 53.
Re8 Rxa7 54. Rxe5 Kf6 55. Rxe4 Re7 56. Rxe7 Kxe7 1/2-1/2

[Event "Kandidatklassen 2015"]
[Site "Svendborg"]
[Date "2015.03.31"]
[Round "1"]
[White "Pedersen, Jan Nordenbaek"]
[Black "Dyrgaard, Kristoffer"]
[Result "0-1"]
[WhiteElo "2143"]
[BlackElo "2256"]
[PlyCount "76"]
[EventDate "2015.??.??"]

1. e4 c5 2. Nf3 Nc6 3. d4 cxd4 4. Nxd4 Nf6 5. Nc3 e5 6. Ndb5 d6 7. Bg5 a6 8.
Na3 b5 9. Bxf6 gxf6 10. Nd5 f5 11. c3 Bg7 12. exf5 Bxf5 13. Nc2 O-O 14. Nce3
Be6 15. Bd3 f5 16. O-O Ra7 17. a4 b4 18. cxb4 e4 19. Nf4 Bf7 20. Bc4 Bxc4 21.
Nxc4 Nd4 22. Qh5 Rf6 23. Qh4 d5 24. Ne3 Qd6 25. Nexd5 Rh6 26. Qg5 Kh8 27. Rfc1
Ra8 28. Ra3 Nf3+ 29. Rxf3 exf3 30. Qxf5 Rf8 31. Rc8 Rhf6 32. Rxf8+ Rxf8 33. Qe4
Be5 34. Nd3 Rd8 35. Ne3 Bxh2+ 36. Kh1 Qxd3 37. Qxd3 Rxd3 38. Kxh2 Rxe3 0-1

[Event "Kandidatklassen 2015"]
[Site "Svendborg"]
[Date "2015.03.31"]
[Round "1"]
[White "Bekker Jensen, David"]
[Black "Christensen, Thomas (1976)"]
[Result "1-0"]
[WhiteElo "2228"]
[BlackElo "2134"]
[PlyCount "67"]
[EventDate "2015.??.??"]

1. d4 Nf6 2. c4 e5 3. dxe5 Ng4 4. Nf3 Bc5 5. e3 Nc6 6. Nc3 O-O 7. Be2 Re8 8.
Nd2 Ngxe5 9. Nde4 Bf8 10. b3 d6 11. Bb2 Ng6 12. Ng3 Bd7 13. Nd5 Rc8 14. O-O Qh4
15. f4 Nce7 16. Qd4 c5 17. Qc3 Nxd5 18. cxd5 Re7 19. f5 Ne5 20. Rf4 Qh6 21. Ne4
Ree8 22. Raf1 Be7 23. f6 g5 24. fxe7 gxf4 25. exf4 Rxe7 26. fxe5 dxe5 27. Nf6+
Kf8 28. Nxd7+ Rxd7 29. Bg4 Rxd5 30. Bxc8 e4 31. Qh8+ Ke7 32. Qf6+ Qxf6 33.
Bxf6+ Kd6 34. Bxb7 1-0

[Event "Kandidatklassen 2015"]
[Site "Svendborg"]
[Date "2015.03.31"]
[Round "1"]
[White "Thogersen, Rasmus"]
[Black "Thybo, Jesper Sondergaard"]
[Result "1-0"]
[WhiteElo "2133"]
[BlackElo "2226"]
[PlyCount "119"]
[EventDate "2015.??.??"]

1. d4 d5 2. Nf3 Nf6 3. c4 c6 4. Nc3 e6 5. Bg5 Nbd7 6. cxd5 exd5 7. e3 Qa5 8.
Qb3 Be7 9. Bd3 O-O 10. O-O Re8 11. e4 dxe4 12. Bc4 exf3 13. Bxf7+ Kh8 14. Bxf6
Nxf6 15. Bxe8 Bh3 16. Rfe1 Bd6 17. Qxb7 Rxe8 18. Rxe8+ Nxe8 19. Re1 Qh5 20. g3
Nf6 21. Qxc6 Bf8 22. Qa8 Kg8 23. Re5 Bf5 24. Nd5 Qh6 25. Ne7+ Kf7 26. Qxf3 Bh3
27. Qb3+ Nd5 28. Qxd5+ Be6 29. Qf3+ Qf6 30. Nf5 g5 31. Qb7+ Kg6 32. g4 Bxa2 33.
Qxa7 Bf7 34. Rb5 h5 35. Rb6 Be6 36. d5 Bc5 37. Rxe6 Bxa7 38. h3 hxg4 39. hxg4
Bc5 40. Kf1 Kf7 41. Rxf6+ Kxf6 42. Ke2 Ke5 43. Ne3 Ke4 44. f3+ Ke5 45. Kd3 Kf4
46. Nc4 Kxf3 47. d6 Kxg4 48. d7 Be7 49. Ne5+ Kf5 50. Nc6 Kf6 51. Ke4 Ke6 52.
d8=Q Bxd8 53. Nxd8+ Kd6 54. Nf7+ Kc5 55. Ne5 Kb4 56. Nd3+ Kc4 57. b4 g4 58. Kf4
Kd4 59. Kxg4 Kxd3 60. b5 1-0

[Event "Kandidatklassen 2015"]
[Site "Svendborg"]
[Date "2015.03.31"]
[Round "1"]
[White "Stentebjerg Hansen, Per"]
[Black "Jacobsen, Mikkel Manosri"]
[Result "1-0"]
[WhiteElo "2211"]
[BlackElo "2099"]
[PlyCount "139"]
[EventDate "2015.??.??"]

1. d4 d5 2. c4 c6 3. Nc3 Nf6 4. Nf3 e6 5. e3 Nbd7 6. Be2 dxc4 7. a4 Bd6 8. Nd2
O-O 9. Nxc4 Bc7 10. f4 Rb8 11. O-O c5 12. Nb5 a6 13. Nxc7 Qxc7 14. a5 cxd4 15.
Qxd4 Nc5 16. Qe5 Qxe5 17. Nxe5 Nb3 18. Ra3 Nxc1 19. Rxc1 Nd5 20. Rb3 f6 21. Nc6
Ra8 22. Nb4 Rf7 23. Nxd5 exd5 24. Bf3 Re7 25. Bxd5+ Kf8 26. e4 g6 27. Kf2 Rb8
28. h3 Be6 29. Bxe6 Rxe6 30. Rc4 Re7 31. Rb6 Rd8 32. Rxf6+ Kg7 33. Rb6 Rd2+ 34.
Kf3 Rd3+ 35. Kf2 Rd2+ 36. Kg3 Red7 37. e5 R7d3+ 38. Kh2 Rf2 39. Rd6 Re3 40.
Rc7+ Kh6 41. Rdd7 Rxf4 42. Rxh7+ Kg5 43. Rc5 Rb4 44. Rd7 Rxb2 45. Rd4 Kf5 46.
Rg4 Rb5 47. Rc2 Rexe5 48. Rf2+ Ke6 49. Rxg6+ Kd5 50. Rg7 Rxa5 51. Rxb7 Ra1 52.
g4 Ree1 53. Rb3 a5 54. Rff3 a4 55. Rbc3 Rg1 56. Rfd3+ Ke4 57. Ra3 Rgd1 58. Re3+
Kf4 59. Rf3+ Ke4 60. Rae3+ Kd4 61. Kg3 Kc4 62. g5 Rd4 63. Rf2 Rg1+ 64. Rg2 Rd3
65. Rxg1 Rxe3+ 66. Kg4 a3 67. g6 Re7 68. h4 a2 69. h5 Re2 70. g7 1-0

[Event "Kandidatklassen 2015"]
[Site "Svendborg"]
[Date "2015.03.31"]
[Round "1"]
[White "Nielsen, Viktor Haarmark"]
[Black "Stojanovski, Sandi"]
[Result "0-1"]
[WhiteElo "2097"]
[BlackElo "2210"]
[PlyCount "94"]
[EventDate "2015.??.??"]

1. e4 c5 2. Nf3 Nc6 3. d4 cxd4 4. Nxd4 Nf6 5. Nc3 e5 6. Ndb5 d6 7. Bg5 a6 8.
Na3 b5 9. Nd5 Be7 10. Bxf6 Bxf6 11. c4 b4 12. Nc2 a5 13. g3 O-O 14. h4 Be6 15.
Bh3 a4 16. b3 axb3 17. axb3 Rxa1 18. Nxa1 Nd4 19. Kf1 Bxd5 20. cxd5 Qa5 21. Kg2
Ra8 22. Qd3 Qc5 23. Qe3 Qc3 24. Rc1 Qb2 25. Bd7 Bd8 26. Ba4 Bb6 27. Qe1 Bc5 28.
Rb1 Qe2 29. Qxe2 Nxe2 30. Kf3 Nc3 31. Rb2 Bd4 32. Nc2 Nxa4 33. Ra2 Nb6 34.
Rxa8+ Nxa8 35. Nxd4 exd4 36. Ke2 Nb6 37. Kd3 Kf8 38. Kxd4 Ke7 39. f4 f6 40. h5
h6 41. g4 Kd7 42. Kd3 Kc7 43. Kd4 Nd7 44. Kc4 Kb6 45. Kxb4 Nc5 46. e5 fxe5 47.
f5 Ne4 0-1

[Event "Kandidatklassen 2015"]
[Site "Svendborg"]
[Date "2015.03.31"]
[Round "1"]
[White "Kolbak, Jens"]
[Black "Olsen, Filip Boe"]
[Result "1/2-1/2"]
[WhiteElo "2208"]
[BlackElo "2062"]
[PlyCount "67"]
[EventDate "2015.??.??"]

1. e4 c6 2. d4 d5 3. exd5 cxd5 4. Bd3 Nf6 5. c3 Bg4 6. Ne2 e6 7. Bf4 Nc6 8. O-O
Bd6 9. f3 Bh5 10. Nd2 O-O 11. Bxd6 Qxd6 12. Ng3 Bg6 13. Nb3 Nd7 14. Bxg6 hxg6
15. Qd2 b5 16. Ne2 b4 17. cxb4 Nxb4 18. a3 Nc6 19. Rfc1 Rfc8 20. Na5 Nb6 21. b3
Rab8 22. Nxc6 Rxc6 23. Rxc6 Qxc6 24. Qd3 Qd6 25. a4 Rc8 26. Rc1 Rxc1+ 27. Nxc1
Qc6 28. Ne2 Nc8 29. Qc3 Qxc3 30. Nxc3 Nd6 31. Kf2 Kf8 32. g4 g5 33. Ke3 Ke7 34.
Na2 1/2-1/2

[Event "Kandidatklassen 2015"]
[Site "Svendborg"]
[Date "2015.03.31"]
[Round "1"]
[White "Moller, Sophus Mechlenburg"]
[Black "Rendboe, John Filip"]
[Result "1-0"]
[WhiteElo "2051"]
[BlackElo "2195"]
[PlyCount "62"]
[EventDate "2015.??.??"]

1. e4 c5 2. Nf3 Nc6 3. d4 cxd4 4. Nxd4 Qb6 5. Nb5 Nf6 6. N1c3 d6 7. Be2 a6 8.
Na3 g6 9. Nc4 Qd8 10. a4 Bg7 11. Be3 O-O 12. O-O Be6 13. Nb6 Rb8 14. a5 Nd7 15.
Nxd7 Qxd7 16. Na4 Qd8 17. Bb6 Qe8 18. c3 Rc8 19. Re1 Qd7 20. Bd4 Nxd4 21. cxd4
Qd8 22. Nb6 Rc7 23. Qd2 f5 24. Bf3 f4 25. Rac1 g5 26. h3 Rxc1 27. Rxc1 Qe8 28.
Rc7 h5 29. Qd1 Qg6 30. Bxh5 Qf6 31. d5 Bc8 1-0

[Event "Kandidatklassen 2015"]
[Site "Svendborg"]
[Date "2015.04.01"]
[Round "2"]
[White "Bekker Jensen, David"]
[Black "Aabling Thomsen, Jakob"]
[Result "1/2-1/2"]
[WhiteElo "2228"]
[BlackElo "2333"]
[PlyCount "109"]
[EventDate "2015.??.??"]

1. d4 g6 2. e4 d6 3. Nf3 Bg7 4. Be2 Nf6 5. Nc3 O-O 6. O-O c5 7. d5 e6 8. dxe6
Bxe6 9. Bg5 h6 10. Bxf6 Bxf6 11. Qd2 Qb6 12. e5 dxe5 13. Qxh6 Bg7 14. Qh4 Qxb2
15. Ng5 Re8 16. Nxe6 Qxc3 17. Nc7 Nc6 18. Bb5 Qxc2 19. Bxc6 bxc6 20. Rfc1 Qb2
21. Qc4 e4 22. Rab1 Qd4 23. Nxa8 Rxa8 24. Qxc5 Rc8 25. Qxd4 Bxd4 26. Kf1 c5 27.
Rc4 Rc6 28. Rb3 Kg7 29. Ke2 Ra6 30. a3 Kf6 31. f3 e3 32. a4 Ke5 33. Rb7 f5 34.
g3 g5 35. Kd3 f4 36. Re7+ Kd5 37. Rf7 Rh6 38. gxf4 Rxh2 39. Rd7+ Ke6 40. Rdxd4
cxd4 41. Rxd4 gxf4 42. Rxf4 e2 43. Re4+ Kf5 44. Rxe2 Rh3 45. Re3 Rh4 46. Re4
Rh3 47. Ke3 Rh7 48. Re8 Rb7 49. Rc8 Rb3+ 50. Kd4 Ra3 51. Rc5+ Ke6 52. Ra5 Rxf3
53. Rxa7 Kd6 54. Kc4 Kc6 55. Ra6+ 1/2-1/2

[Event "Kandidatklassen 2015"]
[Site "Svendborg"]
[Date "2015.04.01"]
[Round "2"]
[White "Haubro, Martin"]
[Black "Stentebjerg Hansen, Per"]
[Result "1-0"]
[WhiteElo "2308"]
[BlackElo "2211"]
[PlyCount "55"]
[EventDate "2015.??.??"]

1. e4 c6 2. d4 d5 3. exd5 cxd5 4. c4 Nf6 5. Nc3 e6 6. Nf3 Bb4 7. cxd5 Nxd5 8.
Qc2 Nc6 9. Bd3 Nf6 10. O-O Be7 11. a3 Bd7 12. Re1 h6 13. Bf4 Rc8 14. Qd2 Na5
15. Rad1 Bc6 16. Ne5 Bd5 17. Qe2 Bb3 18. Rd2 a6 19. Bg3 Bd5 20. Nxd5 Qxd5 21.
b4 Nc6 22. Bc4 Nxd4 23. Qd3 Rxc4 24. Nxc4 Nc6 25. Qc2 Qg5 26. Ne5 O-O 27. Nxc6
bxc6 28. Re5 1-0

[Event "Kandidatklassen 2015"]
[Site "Svendborg"]
[Date "2015.04.01"]
[Round "2"]
[White "Stojanovski, Sandi"]
[Black "Matthiesen, Martin"]
[Result "1/2-1/2"]
[WhiteElo "2210"]
[BlackElo "2282"]
[PlyCount "29"]
[EventDate "2015.??.??"]

1. Nf3 c5 2. b3 d5 3. e3 Nf6 4. c4 e6 5. g3 Be7 6. Bg2 O-O 7. O-O b6 8. Bb2 Bb7
9. Nc3 dxc4 10. bxc4 Nc6 11. Qe2 Rc8 12. Rfd1 Na5 13. Ne5 Bxg2 14. Kxg2 Nd7 15.
f4 1/2-1/2

[Event "Kandidatklassen 2015"]
[Site "Svendborg"]
[Date "2015.04.01"]
[Round "2"]
[White "Jaksland, Tim"]
[Black "Thogersen, Rasmus"]
[Result "1-0"]
[WhiteElo "2277"]
[BlackElo "2133"]
[PlyCount "67"]
[EventDate "2015.??.??"]

1. Nf3 c5 2. c4 Nc6 3. Nc3 e5 4. g3 g6 5. Bg2 Bg7 6. O-O Nge7 7. a3 d6 8. d3
O-O 9. Rb1 a5 10. Bd2 Rb8 11. Qc1 Bg4 12. h3 Bxf3 13. Bxf3 Nd4 14. Bg2 b5 15.
cxb5 Nxb5 16. Bg5 Nd4 17. e3 Ne6 18. Bxe7 Qxe7 19. Nd5 Qd7 20. Qd2 a4 21. Rfc1
Nc7 22. Nxc7 Qxc7 23. Rc4 Qa7 24. Qc2 Rb3 25. Bc6 Rfb8 26. Rxa4 Qe7 27. Bd5
R3b5 28. b3 Qd7 29. Kg2 h5 30. Qc4 Bf6 31. Qe4 Kg7 32. Bc6 Qe6 33. Bxb5 Rxb5
34. Qc4 1-0

[Event "Kandidatklassen 2015"]
[Site "Svendborg"]
[Date "2015.04.01"]
[Round "2"]
[White "Dyrgaard, Kristoffer"]
[Black "Moller, Sophus Mechlenburg"]
[Result "1-0"]
[WhiteElo "2256"]
[BlackElo "2051"]
[PlyCount "105"]
[EventDate "2015.??.??"]

1. e4 c5 2. Nf3 d6 3. d4 cxd4 4. Nxd4 Nf6 5. Nc3 g6 6. g3 Bg7 7. Bg2 O-O 8. O-O
Nc6 9. Nde2 a6 10. a4 Be6 11. Nd5 Na5 12. Nd4 Bg4 13. Qd3 Nxd5 14. exd5 Rc8 15.
c3 Re8 16. Bg5 Qb6 17. b4 Nb3 18. a5 Qa7 19. Nxb3 Rxc3 20. Qb1 Bf5 21. Qa2 Rc2
22. Qa4 Rec8 23. Be3 Qb8 24. Nd4 Bxd4 25. Bxd4 R8c4 26. Rad1 Qc8 27. Be3 h5 28.
Qa1 Rxb4 29. Rc1 Rxc1 30. Rxc1 Qd7 31. Qc3 Ra4 32. Bh6 f6 33. Be3 h4 34. Bb6 h3
35. Bf3 Bg4 36. Qc2 Bxf3 37. Qxg6+ Kh8 38. Qh6+ Kg8 39. Qg6+ Kh8 40. Be3 Be4
41. Qf7 Bg2 42. Bh6 Rg4 43. Rc4 Qf5 44. Bg7+ Rxg7 45. Rh4+ Qh7 46. Qf8+ Rg8 47.
Rxh7+ Kxh7 48. Qxe7+ Kg6 49. Qe6 Rh8 50. f4 Rh5 51. Qg8+ Kh6 52. g4 Rxd5 53. f5
1-0

[Event "Kandidatklassen 2015"]
[Site "Svendborg"]
[Date "2015.04.01"]
[Round "2"]
[White "Ochsner, Bjorn Moller"]
[Black "Kolbak, Jens"]
[Result "1-0"]
[WhiteElo "2363"]
[BlackElo "2208"]
[PlyCount "89"]
[EventDate "2015.??.??"]

1. d4 Nf6 2. c4 g6 3. Nf3 Bg7 4. g3 O-O 5. Bg2 d6 6. O-O Nbd7 7. Nc3 e5 8. e4
Re8 9. h3 c6 10. Re1 a5 11. Be3 exd4 12. Nxd4 Nc5 13. Qc2 a4 14. Rab1 Qe7 15.
Rbd1 Bd7 16. Bf4 Na6 17. Nxa4 Nh5 18. Be3 Nb4 19. Qb3 c5 20. Nb5 Bc6 21. a3 Na6
22. Nb6 Rad8 23. Nd5 Bxd5 24. Rxd5 Nf6 25. Rdd1 Nc7 26. Bf4 Nxb5 27. Qxb5 h6
28. h4 Qe6 29. b4 cxb4 30. axb4 Bf8 31. Rd4 Rc8 32. Red1 Nh5 33. Bxd6 Bxd6 34.
Rxd6 Qxc4 35. Qxc4 Rxc4 36. Rb6 Re7 37. e5 Rcc7 38. Rd5 Ng7 39. Rdb5 Rc1+ 40.
Kh2 Rd7 41. Rd5 Rdc7 42. Rd8+ Kh7 43. Rxb7 Ne6 44. Rd7 Kg7 45. Bd5 1-0

[Event "Kandidatklassen 2015"]
[Site "Svendborg"]
[Date "2015.04.01"]
[Round "2"]
[White "Olsen, Filip Boe"]
[Black "Hansen, Mads"]
[Result "1-0"]
[WhiteElo "2062"]
[BlackElo "2273"]
[PlyCount "53"]
[EventDate "2015.??.??"]

1. d4 Nf6 2. Nf3 c5 3. c3 e6 4. Bf4 b6 5. e3 Bb7 6. Nbd2 Be7 7. h3 d5 8. Bd3
O-O 9. O-O Nbd7 10. Ne5 Re8 11. Bh2 Nxe5 12. dxe5 Nd7 13. c4 Bf8 14. Qc2 g6 15.
f4 Nb8 16. cxd5 exd5 17. f5 Bg7 18. e6 fxe6 19. fxg6 h6 20. Rf7 Re7 21. Raf1
Bc6 22. Rxe7 Qxe7 23. Rf7 Qg5 24. Bf4 Qh5 25. Nf3 Be8 26. Rxg7+ Kxg7 27. Be5+
1-0

[Event "Kandidatklassen 2015"]
[Site "Svendborg"]
[Date "2015.04.01"]
[Round "2"]
[White "Furrer, Christian"]
[Black "Seegert, Kristian"]
[Result "1-0"]
[WhiteElo "2146"]
[BlackElo "2180"]
[PlyCount "85"]
[EventDate "2015.??.??"]

1. d4 f5 2. e4 fxe4 3. Nc3 Nf6 4. Bg5 Nc6 5. d5 Ne5 6. Qd4 Nf7 7. Nh3 e5 8.
dxe6 dxe6 9. Qxd8+ Nxd8 10. O-O-O Bd7 11. Bc4 Nf7 12. Bxf6 gxf6 13. Nxe4 Be7
14. Rhe1 Ne5 15. Bb3 c5 16. f4 Nc6 17. f5 e5 18. Nf4 Bxf5 19. Nd5 O-O-O 20.
Nxe7+ Nxe7 21. Rxd8+ Rxd8 22. Nxf6 Nc6 23. g4 Bg6 24. h4 Rf8 25. g5 h5 26. c3
Kc7 27. Bd1 Kd6 28. Bf3 Ke6 29. Bd5+ Kd6 30. Rd1 Kc7 31. Bf3 Rf7 32. Be4 Bxe4
33. Nxe4 Ne7 34. Nxc5 Ng6 35. Ne6+ Kb6 36. Rd6+ Ka5 37. Nc5 Nxh4 38. a4 Rf1+
39. Kc2 Rf2+ 40. Kb1 Rf1+ 41. Ka2 Rf2 42. Ka3 Nf5 43. Nb3# 1-0

[Event "Kandidatklassen 2015"]
[Site "Svendborg"]
[Date "2015.04.01"]
[Round "2"]
[White "Thybo, Jesper Sondergaard"]
[Black "Andersen, Rune Egede"]
[Result "1-0"]
[WhiteElo "2226"]
[BlackElo "2160"]
[PlyCount "99"]
[EventDate "2015.??.??"]

1. d4 d5 2. Nf3 Nf6 3. g3 c6 4. Bg2 Bg4 5. O-O e6 6. c4 Be7 7. Nbd2 O-O 8. h3
Bh5 9. Ne5 Nfd7 10. Nd3 Bd6 11. g4 Bg6 12. e4 Bc7 13. Qb3 dxc4 14. Nxc4 Nb6 15.
Be3 N8d7 16. f4 Nxc4 17. Qxc4 h5 18. f5 exf5 19. gxf5 Bh7 20. Rad1 Qh4 21. Qc1
Qe7 22. e5 f6 23. e6 Qd6 24. Rf2 Nb6 25. Bf4 Qe7 26. Qc5 Rfe8 27. Bf3 Nd5 28.
Bxc7 Qxc5 29. Nxc5 Nxc7 30. Nxb7 Bxf5 31. Nd6 Bxe6 32. Nxe8 Rxe8 33. Bxc6 Rd8
34. Bg2 Bxa2 35. Ra1 Be6 36. Rxa7 Nb5 37. Re7 Nxd4 38. Rc7 Bb3 39. Be4 Ne6 40.
Rc3 Bd1 41. Rd3 Rxd3 42. Bxd3 Ng5 43. Bf5 g6 44. Bd7 f5 45. Kg2 Ne4 46. Rf1 Bb3
47. Bc6 Ng5 48. Ra1 Kg7 49. Ra3 Bd1 50. b4 1-0

[Event "Kandidatklassen 2015"]
[Site "Svendborg"]
[Date "2015.04.01"]
[Round "2"]
[White "Rossen, Claus"]
[Black "Christensen, Thomas (1976)"]
[Result "1/2-1/2"]
[WhiteElo "2172"]
[BlackElo "2134"]
[PlyCount "104"]
[EventDate "2015.??.??"]

1. d4 Nc6 2. d5 Ne5 3. e4 Ng6 4. c4 e5 5. a3 Bc5 6. Nf3 d6 7. b4 Bb6 8. Nc3 a6
9. h4 h5 10. Be2 Bg4 11. g3 N6e7 12. Ng5 Bd4 13. Bb2 Nf6 14. Na4 Ba7 15. O-O
Qd7 16. Bxg4 hxg4 17. Kg2 Nh7 18. f4 gxf3+ 19. Nxf3 f5 20. c5 fxe4 21. Nxe5
dxe5 22. Qh5+ g6 23. Qxe5 O-O-O 24. Rf7 Rhe8 25. Rxh7 Qxa4 26. Rxe7 Rxe7 27.
Qxe7 Qc2+ 28. Kh3 Qxb2 29. Rf1 Bxc5 30. bxc5 Qb5 31. Rf8 Rxf8 32. Qxf8+ Kd7 33.
Qf7+ Kd8 34. Qf6+ Kd7 35. Qe6+ Kd8 36. Qxe4 Qxc5 37. Qxg6 Qxd5 38. Qf6+ Kd7 39.
Kg4 Qe6+ 40. Qf5 c5 41. h5 Ke7 42. h6 Qxh6 43. Qxc5+ Qd6 44. Qxd6+ Kxd6 45. Kf5
Ke7 46. Ke5 b5 47. Kd5 a5 48. Kc5 b4 49. axb4 axb4 50. Kxb4 Kf6 51. g4 Kg5 52.
Ka3 Kxg4 1/2-1/2

[Event "Kandidatklassen 2015"]
[Site "Svendborg"]
[Date "2015.04.01"]
[Round "2"]
[White "Jacobsen, Mikkel Manosri"]
[Black "Pedersen, Henrik Dahl"]
[Result "1-0"]
[WhiteElo "2099"]
[BlackElo "2169"]
[PlyCount "127"]
[EventDate "2015.??.??"]

1. d4 d6 2. c4 e5 3. dxe5 dxe5 4. Qxd8+ Kxd8 5. Nf3 f6 6. g3 c6 7. Bg2 a5 8.
O-O a4 9. Be3 Kc7 10. Nfd2 Be6 11. f4 Nd7 12. Nc3 Bb4 13. Rac1 Ne7 14. Nd5+
Bxd5 15. cxd5 Nf5 16. dxc6 bxc6 17. Rxc6+ Kd8 18. Bf2 Bxd2 19. Rc2 Ne3 20. Rxd2
Nxf1 21. Kxf1 Ke7 22. Bxa8 Rxa8 23. Rc2 exf4 24. gxf4 f5 25. Bd4 g6 26. Rc6 Nf8
27. e3 Ne6 28. Be5 h6 29. Rb6 Ra5 30. Rb7+ Ke8 31. Bd6 Nc5 32. Re7+ Kd8 33. Re5
Nb7 34. Rxa5 Nxa5 35. Be5 Kd7 36. Ke2 Ke6 37. Bg7 h5 38. Bc3 Nc4 39. Kd3 Kd5
40. Bd4 Nd6 41. Kc3 h4 42. h3 Ke4 43. Kb4 Kf3 44. Kxa4 Ne4 45. b4 Kg3 46. b5
Kxh3 47. b6 Nd6 48. Bf6 Kg3 49. Bxh4+ Kxh4 50. Kb4 Kg3 51. a4 Kf3 52. a5 Kxe3
53. a6 Kxf4 54. b7 Nxb7 55. axb7 Ke4 56. b8=Q f4 57. Kc3 g5 58. Kd2 Kf3 59.
Qb3+ Kf2 60. Qd1 f3 61. Qe1+ Kg2 62. Ke3 g4 63. Qf2+ Kh1 64. Kf4 1-0

[Event "Kandidatklassen 2015"]
[Site "Svendborg"]
[Date "2015.04.01"]
[Round "2"]
[White "Bjerre, Jonas Buhl"]
[Black "Nielsen, Viktor Haarmark"]
[Result "1-0"]
[WhiteElo "2165"]
[BlackElo "2097"]
[PlyCount "55"]
[EventDate "2015.??.??"]

1. e4 e5 2. Nf3 Nc6 3. c3 d5 4. Qa4 f6 5. d3 Be6 6. Be2 Nge7 7. Nbd2 Nc8 8. O-O
Nb6 9. Qc2 a5 10. Rd1 Be7 11. Nf1 O-O 12. d4 exd4 13. Bd3 Bg4 14. exd5 Bxf3 15.
Bxh7+ Kh8 16. gxf3 Qxd5 17. Be4 Qc5 18. Ng3 Rad8 19. Nf5 d3 20. Qd2 g5 21. Qe1
Bd6 22. Qf1 Rf7 23. Nh6 Rg7 24. Qh3 Rdd7 25. Be3 Qc4 26. Bxb6 cxb6 27. Nf7+ Kg8
28. Qxd7 1-0

[Event "Kandidatklassen 2015"]
[Site "Svendborg"]
[Date "2015.04.02"]
[Round "3"]
[White "Jaksland, Tim"]
[Black "Haubro, Martin"]
[Result "1/2-1/2"]
[WhiteElo "2277"]
[BlackElo "2308"]
[PlyCount "83"]
[EventDate "2015.??.??"]

1. Nf3 Nf6 2. c4 c5 3. g3 b6 4. Bg2 Bb7 5. O-O e6 6. b3 Be7 7. Bb2 O-O 8. e3 d6
9. Nc3 Nbd7 10. Qe2 a6 11. d3 Rc8 12. Ne1 Qc7 13. f4 d5 14. Nf3 Rfd8 15. Rae1
Nf8 16. e4 d4 17. Nd1 Ne8 18. Nf2 b5 19. h4 bxc4 20. bxc4 Rb8 21. Bc1 Bc8 22.
e5 Qa5 23. Ne4 Rb1 24. Qc2 Rb6 25. Bd2 Qa3 26. Rb1 Rxb1 27. Rxb1 Bd7 28. Qb3
Qa4 29. Ne1 f5 30. exf6 gxf6 31. Qxa4 Bxa4 32. Rb7 Rd7 33. Rb6 Ra7 34. Bf3 Bd8
35. Rb8 Bc7 36. Rb2 Nd7 37. Kf2 Kf7 38. Ke2 Ke7 39. Bg2 Nd6 40. Nxd6 Kxd6 41.
Rb7 Rxb7 42. Bxb7 1/2-1/2